[Event "GRE-chT 49th"]
[Site "Thessaloniki"]
[Date "2022.08.14"]
[Round "4"]
[White "Lirindzakis, Timotheos"]
[Black "Patrikos, Ioannis"]
[Result "1/2-1/2"]
[WhiteElo "2171"]
[BlackElo "2043"]
[PlyCount "64"]
[EventDate "2022.08.12"]
[EventType "team-swiss"]
[EventRounds "7"]
[EventCountry "GRE"]
[SourceTitle "EXT 2024"]
[Source "ChessBase"]
[SourceDate "2023.10.10"]
[SourceVersion "1"]
[SourceVersionDate "2023.10.10"]
[SourceQuality "1"]
[WhiteTeam "Gaziou SA"]
[BlackTeam "Larisas"]
[WhiteTeamCountry "GRE"]
[BlackTeamCountry "GRE"]

1. d4 Nf6 2. c4 e6 3. Nf3 Bb4+ 4. Bd2 Qe7 5. g3 Nc6 6. Nc3 Bxc3 7. Bxc3 Ne4 8. Rc1 0-0 9. Bg2 d6 10. d5 Nd8 11. dxe6 Nxe6 12. Ba5 Bd7 13. 0-0 Bc6 14. Qc2 b6 15. Bb4 a5 16. Ba3 Nf6 17. Rfd1 Rfe8 18. e3 Nc5 19. b3 Ncd7 20. Bb2 Be4 21. Qe2 Ne5 22. Rd4 Nc6 23. Rd2 a4 24. Bc3 axb3 25. axb3 Ne5 26. Rdd1 Nxf3+ 27. Bxf3 Bxf3 28. Qxf3 Ne4 29. Ra1 Nxc3 30. Rxa8 Nxd1 31. Rxe8+ Qxe8 32. Qxd1 Qe4 1/2-1/2

[Event "Heraklion Tal Memorial 3rd"]
[Site "Heraklion"]
[Date "2022.04.28"]
[Round "4"]
[White "Lirindzakis, Timotheos"]
[Black "Peng, Li Min"]
[Result "0-1"]
[WhiteElo "2164"]
[BlackElo "2517"]
[PlyCount "80"]
[EventDate "2022.04.25"]
[EventType "tourn"]
[EventRounds "9"]
[EventCountry "GRE"]
[SourceTitle "CBM 208 Extra"]
[Source "ChessBase"]
[SourceDate "2022.07.31"]
[SourceVersion "1"]
[SourceVersionDate "2022.07.31"]
[SourceQuality "1"]

1. d4 d5 2. c4 e6 3. Nf3 Nf6 4. Nc3 a6 5. cxd5 exd5 6. Bg5 Be6 7. e3 Nbd7 8. Bd3 Bd6 9. 0-0 0-0 10. h3 h6 11. Bf4 Qe7 12. Bxd6 Qxd6 13. Rb1 c6 14. Qc2 Nh5 15. Nh4 Rae8 16. Rbe1 c5 17. dxc5 Nxc5 18. Be2 Nf6 19. Rd1 Rc8 20. Qb1 b5 21. a3 Rfe8 22. Nf3 Qd7 23. Nd4 Qb7 24. Rc1 Bd7 25. Rfd1 Qb8 26. Qa2 Qd6 27. Bf3 Be6 28. Rc2 Ncd7 29. Rdc1 Ne5 30. Be2 Bd7 31. Bf1 g5 32. Nb1 g4 33. Rxc8 Bxc8 34. b3 gxh3 35. gxh3 Kh8 36. Kh1 Rg8 37. Bg2 Nd3 38. Rd1 Ne4 39. Rxd3 Qg6 40. f3 Bxh3 0-1

[Event "Anogia op 8th"]
[Site "Anogia"]
[Date "2019.08.22"]
[Round "6"]
[White "Malataras, Gerasimos"]
[Black "Lirindzakis, Timotheos"]
[Result "1/2-1/2"]
[WhiteElo "1931"]
[BlackElo "2154"]
[PlyCount "40"]
[EventDate "2019.08.18"]
[EventType "swiss"]
[EventRounds "9"]
[EventCountry "GRE"]
[SourceTitle "EXT 2020"]
[Source "ChessBase"]
[SourceDate "2019.10.17"]
[SourceVersion "1"]
[SourceVersionDate "2019.10.17"]
[SourceQuality "1"]

1. c4 c5 2. Nf3 Nf6 3. d4 cxd4 4. Nxd4 e6 5. Nc3 Bb4 6. Ndb5 d5 7. a3 Bxc3+ 8. Nxc3 d4 9. Nb5 Nc6 10. e3 e5 11. f4 0-0 12. fxe5 Ne4 13. Qf3 Qa5+ 14. b4 Nxb4 15. Qxe4 Nc2+ 16. Kf2 Nxa1 17. exd4 Nb3 18. Bd3 f5 19. Qd5+ Kh8 20. Bg5 f4 1/2-1/2

[Event "Anogia op 8th"]
[Site "Anogia"]
[Date "2019.08.21"]
[Round "5"]
[White "Lirindzakis, Timotheos"]
[Black "Kouvidis, Ioannis"]
[Result "1/2-1/2"]
[WhiteElo "2154"]
[BlackElo "2000"]
[PlyCount "75"]
[EventDate "2019.08.18"]
[EventType "swiss"]
[EventRounds "9"]
[EventCountry "GRE"]
[SourceTitle "EXT 2020"]
[Source "ChessBase"]
[SourceDate "2019.10.17"]
[SourceVersion "1"]
[SourceVersionDate "2019.10.17"]
[SourceQuality "1"]

1. Nf3 Nf6 2. c4 g6 3. g3 Bg7 4. Bg2 0-0 5. Nc3 d6 6. 0-0 Nc6 7. d4 Bg4 8. d5 Na5 9. Nd2 c5 10. Qc2 Qd7 11. b3 a6 12. Bb2 b5 13. Rfe1 Rab8 14. Rab1 Rb7 15. Nd1 bxc4 16. Bc3 cxb3 17. axb3 Qc7 18. Ra1 Rb5 19. Qa2 Nb7 20. Qxa6 Bd7 21. Ne3 Rb8 22. Qa2 Ne8 23. Bxg7 Nxg7 24. Nec4 Nf5 25. e3 Nd8 26. Qc2 f6 27. Ra3 Nf7 28. Rea1 Ne5 29. Na5 Rb4 30. Bf1 Bb5 31. Bxb5 R8xb5 32. Qc3 Qd7 33. Nac4 Nxc4 34. bxc4 Rb7 35. Kg2 Nh6 36. e4 Nf7 37. Nf3 Qg4 38. Qd3 1/2-1/2

[Event "Heraklion op 24th"]
[Site "Heraklion"]
[Date "2018.09.07"]
[Round "6"]
[White "Lirindzakis, Timotheos"]
[Black "Mitali, Madhukar Patil"]
[Result "1-0"]
[WhiteElo "2143"]
[BlackElo "2007"]
[PlyCount "55"]
[EventDate "2018.09.03"]
[EventType "swiss"]
[EventRounds "9"]
[EventCountry "GRE"]
[SourceTitle "CBM 186 Extra"]
[Source "ChessBase"]
[SourceDate "2018.08.24"]
[SourceVersion "1"]
[SourceVersionDate "2018.08.24"]
[SourceQuality "1"]

1. d4 d5 2. c4 e6 3. Nf3 Nf6 4. g3 Be7 5. Bg2 0-0 6. 0-0 dxc4 7. Ne5 Nc6 8. Nxc6 bxc6 9. Na3 Rb8 10. Nxc4 c5 11. Na5 Rb6 12. dxc5 Qxd1 13. Rxd1 Bxc5 14. b3 Ba6 15. e3 Rd6 16. Bb2 Rfd8 17. Rdc1 Bb6 18. Nc6 Re8 19. Be5 Rd2 20. Bxf6 gxf6 21. a4 Rb2 22. b4 Bb7 23. a5 Bxc6 24. Bxc6 Re7 25. axb6 cxb6 26. b5 Rc7 27. Rd1 a5 28. bxa6 1-0

[Event "Anogia op 7th"]
[Site "Anogia"]
[Date "2018.08.19"]
[Round "4"]
[White "Lazaridis, Stavros"]
[Black "Lirindzakis, Timotheos"]
[Result "1-0"]
[WhiteElo "2066"]
[BlackElo "2156"]
[PlyCount "125"]
[EventDate "2018.08.17"]
[EventType "swiss"]
[EventRounds "9"]
[EventCountry "GRE"]
[SourceTitle "CBM 186 Extra"]
[Source "ChessBase"]
[SourceDate "2018.08.24"]
[SourceVersion "1"]
[SourceVersionDate "2018.08.24"]
[SourceQuality "1"]

1. e4 e5 2. Nf3 Nc6 3. Bc4 Bc5 4. b4 Bxb4 5. c3 Be7 6. d4 Na5 7. Be2 d6 8. Qa4+ c6 9. dxe5 dxe5 10. Nxe5 Nf6 11. 0-0 b5 12. Qc2 Qc7 13. Nf3 0-0 14. h3 Bd6 15. Re1 Re8 16. Bd3 h6 17. Nbd2 Bb7 18. Bb2 Nd7 19. Rad1 Nc5 20. Bf1 Na4 21. Bc1 Nb6 22. Nd4 Rad8 23. N2f3 Nac4 24. Nf5 Bf4 25. N3d4 a6 26. Bd3 c5 27. Nf3 Bc8 28. N3h4 Bxc1 29. Qxc1 Ne5 30. Bc2 Rxd1 31. Rxd1 Rd8 32. Qf4 Rxd1+ 33. Bxd1 Nbc4 34. Qg3 g6 35. Nxh6+ Kh7 36. Ng4 Qd6 37. Be2 Nxg4 38. Bxc4 Qxg3 39. fxg3 Ne5 40. Bd5 b4 41. cxb4 cxb4 42. Kf2 Kg7 43. Ke3 a5 44. Kd4 f6 45. g4 Ba6 46. Nf3 Nxf3+ 47. gxf3 g5 48. Bc4 Bc8 49. Kc5 Bd7 50. Kb6 a4 51. Kc5 b3 52. axb3 axb3 53. Bxb3 Kf8 54. e5 Ke7 55. exf6+ Kxf6 56. Kd4 Bc6 57. Bd1 Bb5 58. Ke3 Ke5 59. h4 gxh4 60. f4+ Kf6 61. Kf2 Ke6 62. Bb3+ Kd6 63. Kg2 1-0

[Event "Hersonissos op 2nd"]
[Site "Hersonissos"]
[Date "2018.06.19"]
[Round "4"]
[White "Lirindzakis, Timotheos"]
[Black "Kouvidis, Ioannis"]
[Result "1/2-1/2"]
[WhiteElo "2163"]
[BlackElo "1730"]
[PlyCount "43"]
[EventDate "2018.06.17"]
[EventType "swiss"]
[EventRounds "9"]
[EventCountry "GRE"]
[SourceTitle "CBM 185 Extra"]
[Source "ChessBase"]
[SourceDate "2018.07.29"]
[SourceVersion "1"]
[SourceVersionDate "2018.07.29"]
[SourceQuality "1"]

1. d4 Nf6 2. c4 g6 3. Nc3 Bg7 4. e4 d6 5. Nf3 0-0 6. Be2 e5 7. d5 a5 8. Bg5 Na6 9. Nd2 Qe8 10. a3 Bd7 11. b3 Kh8 12. g4 Ng8 13. Be3 Qe7 14. h4 f5 15. gxf5 gxf5 16. exf5 Bxf5 17. Nde4 Nf6 18. Ng3 Bd7 19. h5 h6 20. Qd2 Nc5 21. Bd1 e4 22. Bxc5 1/2-1/2

[Event "Hersonissos op 2nd"]
[Site "Hersonissos"]
[Date "2018.06.18"]
[Round "3"]
[White "Delchev, Aleksander"]
[Black "Lirindzakis, Timotheos"]
[Result "1-0"]
[WhiteElo "2563"]
[BlackElo "2163"]
[PlyCount "57"]
[EventDate "2018.06.17"]
[EventType "swiss"]
[EventRounds "9"]
[EventCountry "GRE"]
[SourceTitle "CBM 185 Extra"]
[Source "ChessBase"]
[SourceDate "2018.07.29"]
[SourceVersion "1"]
[SourceVersionDate "2018.07.29"]
[SourceQuality "1"]

1. c4 Nf6 2. Nf3 e6 3. b3 d5 4. Bb2 Be7 5. e3 b6 6. cxd5 exd5 7. Nc3 0-0 8. Be2 Re8 9. 0-0 Bb7 10. Rc1 Nbd7 11. Qc2 Bf8 12. Rfd1 a6 13. d4 Bd6 14. Bd3 Qe7 15. Ne2 Rac8 16. Ng3 g6 17. Qe2 Ne4 18. Rc2 Ra8 19. Rdc1 Rec8 20. Nd2 c5 21. dxc5 Ndxc5 22. b4 Nxg3 23. hxg3 Na4 24. Ba1 Rxc2 25. Rxc2 Bxb4 26. Qg4 b5 27. Nb3 Bd6 28. Na5 Re8 29. Qd4 1-0

[Event "Crete-chT"]
[Site "Crete"]
[Date "2018.04.27"]
[Round "4.16"]
[White "Lirindzakis, Timotheos"]
[Black "Zahariev, Zahari"]
[Result "1/2-1/2"]
[WhiteElo "2143"]
[BlackElo "2402"]
[PlyCount "28"]
[EventDate "2018.04.09"]
[EventType "team-tourn"]
[EventRounds "7"]
[EventCountry "GRE"]
[SourceTitle "EXT 2019"]
[Source "ChessBase"]
[SourceDate "2018.10.10"]
[SourceVersion "1"]
[SourceVersionDate "2018.10.10"]
[SourceQuality "1"]

1. d4 d6 2. c4 e5 3. Nf3 Nd7 4. e4 Ngf6 5. Nc3 c6 6. Be2 Be7 7. 0-0 0-0 8. Re1 h6 9. Bf1 Nh7 10. Be3 Ng5 11. Nd2 Ne6 12. Nf3 Ng5 13. Nd2 Ne6 14. Nf3 Ng5 1/2-1/2

[Event "Heraklion op 23rd"]
[Site "Heraklion"]
[Date "2018.04.12"]
[Round "5"]
[White "Ergazaki, Eirini"]
[Black "Lirindzakis, Timotheos"]
[Result "0-1"]
[WhiteElo "1303"]
[BlackElo "2143"]
[PlyCount "106"]
[EventDate "2018.04.09"]
[EventType "swiss"]
[EventRounds "9"]
[EventCountry "GRE"]
[SourceTitle "CBM 184 Extra"]
[Source "ChessBase"]
[SourceDate "2018.06.28"]
[SourceVersion "1"]
[SourceVersionDate "2018.06.28"]
[SourceQuality "1"]

1. e4 e5 2. Nf3 Nc6 3. Bc4 Bc5 4. c3 Nf6 5. d3 0-0 6. Bb3 d6 7. h3 h6 8. Nbd2 a6 9. Nf1 Ba7 10. Ng3 Re8 11. Qe2 Be6 12. 0-0 Qd7 13. Nh2 d5 14. Rd1 Rad8 15. Qf3 Kh7 16. Bc2 d4 17. Bd2 Ne7 18. Nh5 Nxh5 19. Qxh5 Ng8 20. Nf3 f6 21. Qh4 c5 22. Qg3 Ne7 23. a4 Bb8 24. Ne1 Ng6 25. Rab1 Bd6 26. b4 cxb4 27. cxb4 Qf7 28. Kh1 Rc8 29. Rb2 Rc7 30. Rc1 Rec8 31. Qf3 a5 32. Rcb1 Bxb4 33. Bxb4 axb4 34. Bd1 Rc1 35. Rxb4 Rxb1 36. Rxb1 Rc7 37. Nc2 Ne7 38. Nb4 Qg8 39. Qe2 Qc8 40. Qd2 Rc3 41. Rb2 Qc5 42. Na2 Qa3 43. Nc1 Nc6 44. Kh2 Nb4 45. Ne2 Rxd3 46. Qxb4 Qxb4 47. Rxb4 Rxd1 48. Rxb7 Ra1 49. Ra7 d3 50. Nc3 d2 51. Ra6 Bb3 52. Rd6 d1Q 53. Nxd1 Rxd1 0-1

[Event "Heraklion op 22nd"]
[Site "Heraklion"]
[Date "2018.01.07"]
[Round "8"]
[White "Brokalakis Gounaris, Christos"]
[Black "Lirindzakis, Timotheos"]
[Result "1/2-1/2"]
[WhiteElo "1894"]
[BlackElo "2148"]
[PlyCount "42"]
[EventDate "2018.01.02"]
[EventType "swiss"]
[EventRounds "9"]
[EventCountry "GRE"]
[SourceTitle "EXT 2019"]
[Source "ChessBase"]
[SourceDate "2018.10.10"]
[SourceVersion "1"]
[SourceVersionDate "2018.10.10"]
[SourceQuality "1"]

1. d4 d5 2. c4 e6 3. Nc3 Nf6 4. Bg5 Nbd7 5. cxd5 exd5 6. e3 c6 7. Bd3 Be7 8. Nf3 h6 9. Bh4 Nh5 10. Bxe7 Qxe7 11. 0-0 0-0 12. Re1 Nhf6 13. Nd2 Re8 14. a3 b6 15. b4 Bb7 16. Rb1 a5 17. Qb3 Qf8 18. Bf5 axb4 19. axb4 g6 20. Bd3 Kg7 21. f3 Rab8 1/2-1/2

[Event "Heraklion op 21st"]
[Site "Heraklion"]
[Date "2017.09.10"]
[Round "9"]
[White "Lirindzakis, Timotheos"]
[Black "Fragiadakis, Emanouel"]
[Result "1-0"]
[WhiteElo "2157"]
[BlackElo "1844"]
[PlyCount "55"]
[EventDate "2017.09.03"]
[EventType "swiss"]
[EventRounds "9"]
[EventCountry "GRE"]
[SourceTitle "CBM 180 Extra"]
[Source "ChessBase"]
[SourceDate "2017.10.06"]
[SourceVersion "1"]
[SourceVersionDate "2017.10.06"]
[SourceQuality "1"]

1. d4 Nf6 2. c4 e6 3. Nc3 d5 4. Nf3 c5 5. cxd5 exd5 6. Bg5 Be6 7. e4 dxe4 8. Bb5+ Nbd7 9. 0-0 cxd4 10. Nxd4 Be7 11. Nxe6 fxe6 12. Bxf6 Bxf6 13. Nxe4 a6 14. Nxf6+ gxf6 15. Ba4 Ke7 16. Qh5 b5 17. Bb3 Qe8 18. Qh3 Nc5 19. Rfe1 e5 20. Bd5 Rd8 21. Rad1 Qd7 22. Qh6 Qg4 23. h3 Qg6 24. Qh4 Nd3 25. Rxd3 Qxd3 26. Rxe5+ Kd7 27. Qxf6 Qb1+ 28. Kh2 1-0

[Event "Heraklion op 21st"]
[Site "Heraklion"]
[Date "2017.09.07"]
[Round "6"]
[White "Lirindzakis, Timotheos"]
[Black "Brokalakis Gounaris, Christos"]
[Result "1/2-1/2"]
[WhiteElo "2157"]
[BlackElo "1791"]
[PlyCount "80"]
[EventDate "2017.09.03"]
[EventType "swiss"]
[EventRounds "9"]
[EventCountry "GRE"]
[SourceTitle "CBM 180 Extra"]
[Source "ChessBase"]
[SourceDate "2017.10.06"]
[SourceVersion "1"]
[SourceVersionDate "2017.10.06"]
[SourceQuality "1"]

1. d4 Nf6 2. c4 e6 3. g3 d5 4. Bg2 Bb4+ 5. Bd2 Bd6 6. Nf3 c6 7. Qc2 Nbd7 8. 0-0 0-0 9. Bg5 h6 10. Bxf6 Nxf6 11. Nbd2 b6 12. e4 Be7 13. e5 Nd7 14. cxd5 cxd5 15. Rfc1 Nb8 16. Bf1 Bd7 17. Qd1 Nc6 18. a3 a5 19. Nb1 Na7 20. Nc3 b5 21. Bd3 Rc8 22. Ne2 Qb6 23. Rxc8 Rxc8 24. Rc1 Rxc1 25. Qxc1 Qc6 26. Qd1 b4 27. axb4 Bxb4 28. h4 Qb6 29. Nf4 Bf8 30. b3 Bb5 31. Kg2 Bxd3 32. Qxd3 Nc6 33. h5 Nb4 34. Qc3 Qc6 35. Qxc6 Nxc6 36. Kf1 Ba3 37. Ke2 Kf8 38. Kd3 Ke8 39. Ne2 Be7 40. g4 Kd7 1/2-1/2